000 01015nam a22002777a 4500
003 dpl
005 20180704163213.0
008 180704b xxu||||| |||| 00| 0 eng d
010 _aB-069098
020 _c100.00
035 _aB-069098, B-069102
037 _bCen Lib/Ret
040 _aDPL
_bHN
_c0
082 _a
_bशर्माय
100 _aशर्मा, यज्ञदत्त
_963646
245 _aबसंती बुआज़ी /
_cयज्ञदत्त शर्मा
246 _aBasanti buaji /
_bby Yagya Dutt Sharma
260 _aदिल्ली
_bलाइब्रेरी बुक सेंटर
_c2000
270 _bदिल्ली
_aमालीवाडा
_e110006
300 _a108पृ.
_c21सेमी(सजिल्द)
650 _aहिन्दी साहित्य
_963647
650 _aउपन्यास
_963648
650 _aHindi literature
_963649
650 _aFiction
_98901
942 _2ddc
_cHN
_h
_mशर्माय
999 _c115873
_d115873